Návrh opatrení na zdokonalenie systému vnútornej komunikácie v podniku HKS Forge, s.r.o.

Salvato in:
Dettagli Bibliografici
Autore principale: Mičová, Nelly (Autore)
Altri autori: Čambál, Miloš (Relatore della tesi)
Natura: Manoscritto Libro
Lingua:slovacco
Pubblicazione: 2025
Soggetti:
Accesso online:http://is.stuba.sk/zp/portal_zp.pl?podrobnosti=176905
Tags: Aggiungi Tag
Nessun Tag, puoi essere il primo ad aggiungerne!!

MARC

LEADER 00000ntm a22000003a 4500
001 stuzp104349
003 SK-STU
005 20250628211436.1
007 ta
008 150427s2015----xo-----f-mn---000-0-slo-d
040 |a STU  |b slo 
041 0 |a slo 
100 1 |a Mičová, Nelly  |u 064000  |4 aut  |U MTF Materiálovotechnologická fakulta  |T MTF Ústav priemyselného inžinierstva a manažmentu  |X 121960  |U M4000  |Y 84  |7 121960 
242 0 1 |a Proposal for measures to improve the internal communication system in HKS Forge  |y eng 
245 1 0 |a Návrh opatrení na zdokonalenie systému vnútornej komunikácie v podniku HKS Forge, s.r.o. 
260 |c 2025 
650 4 |a komunikácia  |2 slo 
650 4 |a vnútropodniková komunikácia  |2 slo 
650 4 |a interná komunikácia  |2 slo 
650 4 |a communication  |2 eng 
650 4 |a internal corporate communication  |2 eng 
650 4 |a internal communication  |2 eng 
700 1 |a Čambál, Miloš  |u 064000  |k Z1  |4 ths  |U MTF Materiálovotechnologická fakulta  |T MTF Ústav priemyselného inžinierstva a manažmentu  |X 279  |U M4000  |Y 84  |7 A000000279 
856 4 |u http://is.stuba.sk/zp/portal_zp.pl?podrobnosti=176905 
996 |c M* BP-9986  |l MMSKP  |s P  |a 0  |w stuzp104349_0001